000 00734nam a22001577a 4500
003 OSt
005 20150914085657.0
008 150914b xxu||||| |||| 00| 0 eng d
040 _cRUA
082 _a AGR LEA 1996 BOO17 Or1
100 _9423
_aLEANG, VUTHEA
245 _aStudy on insect pest problems in rice dey season-1996 at mampongro district svay rieng province, ( សិក្សាអំណីបញ្ហាសត្វល្អតបំផ្លាញស្រូវប្រាំងឆ្នាំ១៩៩៦ ក្នុងលក្ខខ័ណ្ឌស្រុកកំពង់រៅទ៍ ខេត្តស្វាយរៀង).
260 _aphnom phen
_bRUA
_c1996
300 _a91P.
_bILL.
_c29CM.
942 _2ddc
_cAGR
999 _c402
_d402